000 nam a22 7a 4500
999 _c49465
_d49465
003 OSt
005 20191215143736.0
008 191215b xxu||||| |||| 00| 0 eng d
040 _cIIMT UNIVERISTY MEERUT
_dSEROSOFT
100 _aBARHATE DR.SHAIKANT D
245 _aA TEXT BOOK OF MODERN PHARMACEUTICAL ANALYTICAL TECHNIQUES
_cAUTHOR
_hENGLISH
260 _aPEE VEE [REGD]
_cNEW DELHI
300 _aPAPERBACK
_b380PP
760 _bED.2019
856 _3PAPERBACK
887 _2TITEL
942 _2ddc
_c01
_e2019
_h615.19BAR
_m615.19BAR